00659nam a22002297a 450000500170000000800410001702000180005802000150007602000180009102000180010902000150012704100080014208000070015010000210015724500970017825000130027526000400028830000290032850500240035765000140038170000340039520150515103552.0100909s2012 nyua 001 0 eng  a9780073525464 a0073525464 a9780073525464 a9780077563165 a00775631660 aeng a571 aMader, Sylvia S.10aHuman biology /cSylvia S. Mader, Michael Windelspecht ; with contributions by Lynn Preston. a12th ed. aNew York, NY :bMcGraw-Hill,c2012. a647 f.:bme il.;c28 cm. aIndex: f. 629 - 647 0aBiologjia1 aWindelspecht, Michael,d1963-